000 00331nam a2200121Ia 4500
005 20251222152706.0
008 251222s9999||||xx |||||||||||||| ||spa||
082 _a343.8/R92
100 _aRueda Peves, Justo C.P.C.
245 0 _aNuevo Texto Único Ordenado de la Ley del Impuesto a la Renta:
264 _bEdigraber
942 _cLIB
999 _c29028
_d29028